| 000 | 02114nam a2200481 i 4500 | ||
|---|---|---|---|
| 001 | 1323697 | ||
| 003 | CZ PrSKC | ||
| 005 | 20260422105812.0 | ||
| 007 | ta | ||
| 008 | 251111s2025 xo a g f 001 0 cze d | ||
| 020 |
_a978-80-973897-9-6 _q(vázáno) |
||
| 040 |
_aLIA001 _bcze _erda |
||
| 041 | 1 |
_acze _hslo |
|
| 072 | 7 |
_a59 _xZoologie _2Konspekt _92 |
|
| 080 |
_a595.2/.7 _2MRF-sel |
||
| 100 | 1 |
_aSojková, Inka _7xx0338231 _4aut _920709 |
|
| 240 | 1 | 0 |
_aSme hmyz. _lČesky |
| 245 | 1 | 0 |
_aJsme hmyz / _cnapsala a ilustrovala Inka Sojková ; překlad: David Sommer |
| 264 | 1 |
_a[Šenkvice] : _bSojkovie, _c2025 |
|
| 300 |
_a286 stran : _bbarevné ilustrace ; _c19 cm |
||
| 336 |
_atext _btxt _2rdacontent |
||
| 336 |
_astatický obraz _bsti _2rdacontent |
||
| 337 |
_abez média _bn _2rdamedia |
||
| 338 |
_asvazek _bnc _2rdacarrier |
||
| 500 | _aPřeloženo ze slovenštiny | ||
| 500 | _aNázev originálu v knize neuveden | ||
| 500 | _aObálkový podnázev: ...a chceme vám ukázat náš svět | ||
| 500 | _aKniha vznikla ve spolupráci s Českou společností entomologickou | ||
| 504 | _aObsahuje bibliografické odkazy a rejstříky | ||
| 520 | 2 | _aAtlas dává hmyzu hlas každý druh vypráví svůj příběh v první osobě. V úvodu poznáte svět hmyzu, jeho historii, proměny, komunikaci i vztah k lidem. Druhá část představuje 122 druhů žijících v Česku, doplněných piktogramy pro snadnou orientaci. V dodatku Nejsme hmyz najdete 15 tvorů, které lidé mylně považují za hmyz. Kniha, která otevírá dveře do fascinujícího světa malých tvorů | |
| 650 | 0 | 7 |
_ahmyz _7ph114681 _2czenas _99598 |
| 655 | 7 |
_apopulárně-naučné publikace _7fd131864 _2czenas _9223 |
|
| 655 | 7 |
_aatlasy _7fd131835 _2czenas _91901 |
|
| 655 | 7 |
_apublikace pro děti _7fd133156 _2czenas |
|
| 700 | 1 |
_aSommer, David, _d1994- _7mzk20211115435 _4trl _920710 |
|
| 710 | 2 |
_aČeská společnost entomologická _7xx0018810 _4oth _920711 |
|
| 900 |
_aLIA001 _b18 |
||
| 998 | _a010657667 | ||
| 910 | _aABG508 | ||
| 044 | _axr | ||
| 993 |
_a381.00 _h550.00 _iTeam Business _d2026-04-22 _x1076115 |
||
| 999 |
_c34214 _d34214 |
||